[Event "EU-chT Seniors"]
[Site "Sibenik"]
[Date "2014.04.09"]
[Round "9.16"]
[White "Neudel, Bernd"]
[Black "Kratschmer, Heinz"]
[Result "0-1"]
[WhiteElo "1895"]
[BlackElo "2114"]
[PlyCount "30"]
[EventDate "2014.04.01"]
[EventType "team-swiss"]
[EventRounds "9"]
[EventCountry "CRO"]
[SourceTitle "CBM 159 Extra"]
[Source "ChessBase"]
[SourceDate "2014.04.24"]
[SourceVersion "1"]
[SourceVersionDate "2014.04.24"]
[SourceQuality "1"]
[WhiteTeam "Germany Stiftung BSW/DBAG Seniors II"]
[BlackTeam "Austria Steiermark Seniors"]
[WhiteTeamCountry "GER"]
[BlackTeamCountry "AUT"]

1. d4 Nf6 2. Nf3 g6 3. c4 Bg7 4. Nc3 d5 5. e3 0-0 6. b3 c5 7. Bb2 Nc6 8. dxc5 Qa5 9. Nd2 Rd8 10. Qc1 d4 11. exd4 Nxd4 12. a3 Qxc5 13. Ncb1 Ng4 14. f3 Nxf3+ 15. gxf3 Qf2+ 0-1

[Event "EU-chT Seniors 15th"]
[Site "Dresden"]
[Date "2013.07.22"]
[Round "3"]
[White "Neudel, Bernd"]
[Black "Kalmutzki, Manfred"]
[Result "1/2-1/2"]
[WhiteElo "1887"]
[BlackElo "1930"]
[PlyCount "24"]
[EventDate "2013.07.20"]
[EventType "team-swiss"]
[EventRounds "9"]
[EventCountry "GER"]
[SourceTitle "CBM 155 Extra"]
[Source "ChessBase"]
[SourceDate "2013.08.26"]
[SourceVersion "1"]
[SourceVersionDate "2013.08.26"]
[SourceQuality "1"]
[WhiteTeam "BSW/DBAG II"]
[BlackTeam "BSW/DBAG IV"]
[WhiteTeamCountry "GER"]
[BlackTeamCountry "GER"]

1. d4 d5 2. Nf3 e6 3. c4 c6 4. e3 f5 5. Nc3 Bd6 6. b3 Nf6 7. Bb2 0-0 8. Be2 Nbd7 9. Ng5 Qe7 10. f4 Ne4 11. Nf3 Ndf6 12. 0-0 Bd7 1/2-1/2

[Event "Australian op"]
[Site "Cammeray"]
[Date "2013.01.10"]
[Round "8"]
[White "Neudel, Bernd"]
[Black "Yang, Ray"]
[Result "1-0"]
[WhiteElo "1904"]
[BlackElo "1625"]
[PlyCount "137"]
[EventDate "2013.01.02"]
[EventType "swiss"]
[EventRounds "11"]
[EventCountry "AUS"]
[SourceTitle "CBM 152 Extra"]
[Source "ChessBase"]
[SourceDate "2013.02.25"]
[SourceVersion "1"]
[SourceVersionDate "2013.02.25"]
[SourceQuality "1"]

1. d4 d5 2. Nf3 e6 3. c4 c6 4. e3 Nf6 5. Nc3 Bd6 6. Be2 0-0 7. 0-0 Nbd7 8. Qc2 b6 9. e4 dxe4 10. Nxe4 Nxe4 11. Qxe4 Bb7 12. Bd3 Nf6 13. Qh4 c5 14. Bg5 h6 15. Bxf6 Qxf6 16. Qxf6 gxf6 17. dxc5 Bxc5 18. Be2 Rfd8 19. Rfd1 Rac8 20. Kf1 Bd6 21. b3 Bxf3 22. Bxf3 Bxh2 23. g3 Kh7 24. Kg2 Bxg3 25. Kxg3 Rg8+ 26. Kf4 Rc7 27. Rd2 Rg5 28. Be4+ Kg7 29. Rad1 e5+ 30. Ke3 f5 31. Bc2 Rc5 32. Rd5 Rc6 33. Rxe5 f4+ 34. Kd4 Rxe5 35. Kxe5 Re6+ 36. Kxf4 Re2 37. Rc1 Rxf2+ 38. Kg3 Re2 39. a4 Re5 40. b4 Re3+ 41. Kf4 Rc3 42. Ke5 Rxc4 43. b5 Rc5+ 44. Kd6 f5 45. Rg1+ Kf6 46. Bd1 Rc4 47. Kd5 Rc5+ 48. Kd4 Rc7 49. Bf3 Rh7 50. Kd5 Rc7 51. Kd4 Rh7 52. Bh5 f4 53. Ke4 Rc7 54. Rg6+ Ke7 55. Rg7+ Kd6 56. Rxc7 Kxc7 57. Kxf4 Kb7 58. Be2 a6 59. bxa6+ Ka7 60. Kg4 h5+ 61. Kxh5 Kb8 62. Kg5 Ka7 63. Kf5 Kb8 64. Ke5 Ka7 65. Kd5 Kb8 66. Kc6 Ka8 67. Kxb6 Kb8 68. a7+ Ka8 69. Bf3# 1-0

[Event "Australian op"]
[Site "Cammeray"]
[Date "2013.01.08"]
[Round "7"]
[White "Buciu, Aurel John"]
[Black "Neudel, Bernd"]
[Result "1-0"]
[WhiteElo "1771"]
[BlackElo "1904"]
[PlyCount "99"]
[EventDate "2013.01.02"]
[EventType "swiss"]
[EventRounds "11"]
[EventCountry "AUS"]
[SourceTitle "CBM 152 Extra"]
[Source "ChessBase"]
[SourceDate "2013.02.25"]
[SourceVersion "1"]
[SourceVersionDate "2013.02.25"]
[SourceQuality "1"]

1. d4 d5 2. Bf4 Nf6 3. Nf3 e6 4. e3 c6 5. Nbd2 Nbd7 6. Ne5 Qb6 7. Rb1 Be7 8. Bd3 0-0 9. Qf3 c5 10. c3 Nxe5 11. Bxe5 Nd7 12. Qh3 g6 13. Bf4 f5 14. Nf3 c4 15. Bc2 Qd8 16. Qg3 Qe8 17. h4 h5 18. Bh6 Rf6 19. Ne5 Kh7 20. Bg5 Nxe5 21. Bxf6 Bxf6 22. dxe5 Be7 23. f3 Bc5 24. Ke2 Qf7 25. Qf4 Bf8 26. g4 Bh6 27. Qg3 f4 28. exf4 Bxf4 29. Qg2 hxg4 30. Qxg4 Kg7 31. Bxg6 Qxg6 32. Qxf4 Qc2+ 33. Qd2 Qh7 34. Qg5+ Kf7 35. Qf6+ Ke8 36. Rbd1 Kd7 37. Rhg1 Kc6 38. Qd8 b5 39. Qe8+ Kb6 40. h5 Qf5 41. Qd8+ Ka6 42. Qd6+ Ka5 43. Qc7+ Ka4 44. b3+ cxb3 45. axb3+ Ka3 46. Rb1 Qc2+ 47. Ke3 a5 48. Rgc1 Qf5 49. Qc5+ Ka2 50. Ra1+ 1-0

[Event "Australian op"]
[Site "Cammeray"]
[Date "2013.01.02"]
[Round "1"]
[White "Neudel, Bernd"]
[Black "Ly, Moulthun"]
[Result "0-1"]
[WhiteElo "1904"]
[BlackElo "2417"]
[PlyCount "55"]
[EventDate "2013.01.02"]
[EventType "swiss"]
[EventRounds "11"]
[EventCountry "AUS"]
[SourceTitle "CBM 152 Extra"]
[Source "ChessBase"]
[SourceDate "2013.02.25"]
[SourceVersion "1"]
[SourceVersionDate "2013.02.25"]
[SourceQuality "1"]

1. d4 Nf6 2. Nf3 g6 3. c4 Bg7 4. Nc3 0-0 5. g3 d5 6. cxd5 Nxd5 7. Bg2 Nb6 8. 0-0 Nc6 9. e3 Re8 10. a3 e5 11. dxe5 Qe7 12. Nd5 Nxd5 13. Qxd5 Nxe5 14. Nxe5 Bxe5 15. f4 Bg7 16. e4 Be6 17. Qd3 Qc5+ 18. Be3 Bc4 19. Qd2 Rad8 20. Qf2 Qb5 21. Rfe1 b6 22. e5 f6 23. a4 Qd7 24. exf6 Bxf6 25. Rad1 Qxa4 26. Ra1 Qb3 27. Rxa7 Rd1 28. Bd2 0-1

[Event "EU-ch Seniors 12th"]
[Site "Kaunas"]
[Date "2012.08.25"]
[Round "8"]
[White "Sollid, Stein"]
[Black "Neudel, Bernd"]
[Result "1-0"]
[WhiteElo "2026"]
[BlackElo "1910"]
[PlyCount "29"]
[EventDate "2012.08.18"]
[EventType "swiss"]
[EventRounds "9"]
[EventCountry "LTU"]
[SourceTitle "CBM 150 Extra"]
[Source "ChessBase"]
[SourceDate "2012.10.19"]
[SourceVersion "1"]
[SourceVersionDate "2012.10.19"]
[SourceQuality "1"]

1. e4 c5 2. Nf3 d6 3. d4 cxd4 4. Qxd4 Nc6 5. Bb5 Bd7 6. Bxc6 Bxc6 7. Nc3 e6 8. Bg5 Nf6 9. 0-0-0 Be7 10. Rhe1 Qc7 11. Qd3 a6 12. Nd4 Nxe4 13. Bxe7 Nxc3 14. Qxc3 Kxe7 15. Nf5+ 1-0

[Event "EU-chT Seniors"]
[Site "Thessaloniki"]
[Date "2011.05.06"]
[Round "4"]
[White "Weinwurm, Wolfgang"]
[Black "Neudel, Bernd"]
[Result "1-0"]
[WhiteElo "2190"]
[BlackElo "1948"]
[PlyCount "49"]
[EventDate "2011.05.03"]
[EventType "team-swiss"]
[EventRounds "9"]
[EventCountry "GRE"]
[SourceTitle "CBM 142 Extra"]
[Source "ChessBase"]
[SourceDate "2011.06.27"]
[SourceVersion "1"]
[SourceVersionDate "2011.06.27"]
[SourceQuality "1"]
[WhiteTeam "Niederoesterreich"]
[BlackTeam "Stiftung BSW/DBAG II"]
[WhiteTeamCountry "AUT"]
[BlackTeamCountry "GER"]

1. e4 c5 2. Nf3 Nc6 3. d4 cxd4 4. Nxd4 e6 5. Nc3 d6 6. Be3 Nf6 7. Be2 a6 8. Qd2 Qc7 9. f3 Ne5 10. g4 Nc4 11. Bxc4 Qxc4 12. g5 Nd7 13. 0-0-0 b5 14. Kb1 Bb7 15. Rhe1 b4 16. Na4 a5 17. b3 Qc8 18. Nb5 Ra6 19. Rc1 Be7 20. c3 Nc5 21. cxb4 axb4 22. Qxb4 Qd7 23. Nxd6+ Bxd6 24. Bxc5 Bf4 25. Red1 1-0

[Event "GER-ch Seniors 22nd"]
[Site "Berlin"]
[Date "2010.08.21"]
[Round "6"]
[White "Neudel, Bernd"]
[Black "Swoboda, Peter"]
[Result "1-0"]
[WhiteElo "1807"]
[BlackElo "1946"]
[PlyCount "41"]
[EventDate "2010.08.16"]
[EventType "swiss"]
[EventRounds "9"]
[EventCountry "GER"]
[SourceTitle "CBM 138 Extra"]
[Source "ChessBase"]
[SourceDate "2010.10.29"]
[SourceVersion "1"]
[SourceVersionDate "2010.10.29"]
[SourceQuality "1"]

1. c4 e6 2. Nf3 d5 3. d4 Nf6 4. a3 c6 5. e3 Nbd7 6. Nc3 Bd6 7. Be2 0-0 8. 0-0 Qe7 9. Qc2 dxc4 10. Bxc4 e5 11. Bd3 Re8 12. Bf5 g6 13. Bh3 e4 14. Nd2 Nb6 15. Bxc8 Raxc8 16. h3 Bb8 17. f4 c5 18. dxc5 Qxc5 19. Nb3 Qc4 20. Nd4 Na4 21. Qxa4 1-0

[Event "GER-ch Seniors 22nd"]
[Site "Berlin"]
[Date "2010.08.16"]
[Round "1"]
[White "Geibel, Henning"]
[Black "Neudel, Bernd"]
[Result "0-1"]
[WhiteElo "1105"]
[BlackElo "1807"]
[PlyCount "104"]
[EventDate "2010.08.16"]
[EventType "swiss"]
[EventRounds "9"]
[EventCountry "GER"]
[SourceTitle "CBM 138 Extra"]
[Source "ChessBase"]
[SourceDate "2010.10.29"]
[SourceVersion "1"]
[SourceVersionDate "2010.10.29"]
[SourceQuality "1"]

1. d4 d5 2. Nf3 Nf6 3. Bf4 c6 4. e3 Bg4 5. Be2 e6 6. 0-0 Be7 7. h3 Bh5 8. c4 Nbd7 9. c5 0-0 10. b4 a5 11. b5 cxb5 12. Bxb5 Ne4 13. Be2 f6 14. Nfd2 Nxd2 15. Qxd2 Bxe2 16. Qxe2 Nb8 17. Nc3 Nc6 18. Nb5 Qd7 19. a4 e5 20. Bg3 Rfe8 21. Rad1 Rad8 22. Qg4 Qxg4 23. hxg4 Rd7 24. Rfe1 Kf7 25. dxe5 fxe5 26. Rc1 Bf8 27. f4 e4 28. f5 Nb4 29. Red1 Rc8 30. Bd6 Nd3 31. Rc3 Bxd6 32. Nxd6+ Rxd6 33. cxd6 Rxc3 34. Rb1 Nb4 35. Kf2 Rc6 36. d7 Ke7 37. g5 Kxd7 38. Kg3 Kd6 39. Rf1 Rc7 40. f6 gxf6 41. gxf6 Ke6 42. Kg4 Nc2 43. Kg5 Nxe3 44. Rf2 Rf7 45. g3 h5 46. Kf4 Ng4 47. Rg2 Rxf6+ 48. Kg5 Rf5+ 49. Kg6 Ne5+ 50. Kh6 Nf7+ 51. Kg6 Re5 52. Rh2 e3 0-1

[Event "Queenstown op"]
[Site "Queenstown"]
[Date "2009.01.23"]
[Round "9"]
[White "Schon, Eugene"]
[Black "Neudel, Bernd"]
[Result "1-0"]
[WhiteElo "2115"]
[BlackElo "1946"]
[PlyCount "75"]
[EventDate "2009.01.15"]
[EventType "swiss"]
[EventRounds "10"]
[EventCountry "NZL"]
[SourceTitle "CBM 128 Extra"]
[Source "ChessBase"]
[SourceDate "2009.03.05"]
[SourceVersion "2"]
[SourceVersionDate "2009.03.25"]
[SourceQuality "1"]

1. e4 c5 2. Nf3 d6 3. d4 cxd4 4. Nxd4 Nf6 5. Nc3 a6 6. Be3 e6 7. f3 Be7 8. g4 h6 9. Qd2 Qc7 10. 0-0-0 Nc6 11. h4 Nd7 12. Be2 Nce5 13. g5 hxg5 14. hxg5 Rxh1 15. Rxh1 Nf8 16. f4 Nc4 17. Bxc4 Qxc4 18. f5 Bd7 19. Qf2 f6 20. fxe6 Bxe6 21. Nf5 Bxf5 22. Qxf5 Qe6 23. Qa5 Bd8 24. Qb4 b5 25. Rd1 Be7 26. gxf6 gxf6 27. Nd5 Rc8 28. Bf4 Rc4 29. Qxc4 bxc4 30. Nc7+ Kf7 31. Nxe6 Kxe6 32. Rd4 Ng6 33. Bg3 Ne5 34. Bxe5 fxe5 35. Rxc4 a5 36. Rc8 Bg5+ 37. Kd1 Be3 38. Rc6 1-0

[Event "Queenstown op"]
[Site "Queenstown"]
[Date "2009.01.17"]
[Round "3"]
[White "Cooper, Nigel"]
[Black "Neudel, Bernd"]
[Result "1-0"]
[WhiteElo "1872"]
[BlackElo "1946"]
[PlyCount "141"]
[EventDate "2009.01.15"]
[EventType "swiss"]
[EventRounds "10"]
[EventCountry "NZL"]
[SourceTitle "CBM 128 Extra"]
[Source "ChessBase"]
[SourceDate "2009.03.05"]
[SourceVersion "2"]
[SourceVersionDate "2009.03.25"]
[SourceQuality "1"]

1. d4 d5 2. Nc3 Nf6 3. Bg5 Nbd7 4. f3 c6 5. e4 dxe4 6. fxe4 Qa5 7. Qd2 e6 8. Bd3 Qb4 9. e5 Nd5 10. Nxd5 Qxd2+ 11. Bxd2 exd5 12. Nf3 Be7 13. 0-0-0 Nf8 14. Rdf1 h6 15. h3 Be6 16. g4 g6 17. g5 h5 18. Rh2 Nd7 19. Kb1 Rg8 20. h4 0-0-0 21. Rhf2 Kb8 22. c3 c5 23. Ng1 c4 24. Bc2 Nb6 25. Ne2 Bh3 26. Rh1 Be6 27. Nf4 Bg4 28. Rhf1 Rd7 29. Bd1 Bf5+ 30. Bc2 Bg4 31. Bd1 Bf5+ 32. Kc1 Nc8 33. Bf3 Nb6 34. Bg2 Bd8 35. Bh3 Bxh3 36. Nxh3 Rg7 37. Nf4 Re7 38. Ne2 Nc8 39. Bf4 Bc7 40. Bh2 Rd7 41. e6 fxe6 42. Bxc7+ Kxc7 43. Rf6 Ne7 44. Nf4 Kb8 45. Nxe6 Rg8 46. Rf7 Re8 47. Rf8 Rc8 48. R1f7 b6 49. Nf4 Rxf8 50. Rxf8+ Kc7 51. Rf6 Rd6 52. Ne6+ Kd7 53. Nf8+ Kc7 54. Kd2 b5 55. b4 Rb6 56. Ke3 Kd8 57. Kf4 Ke8 58. Ne6 Nf5 59. Nc7+ Kd7 60. Rxb6 axb6 61. Nxd5 Nxh4 62. Nxb6+ Kd6 63. Ke4 Nf5 64. a4 Kc6 65. a5 h4 66. d5+ Kc7 67. Kf3 Kb7 68. Nd7 Ne7 69. d6 Nc6 70. Kg4 h3 71. Kxh3 1-0

[Event "Queenstown op"]
[Site "Queenstown"]
[Date "2009.01.15"]
[Round "1"]
[White "Smith, Robert Wayne"]
[Black "Neudel, Bernd"]
[Result "1-0"]
[WhiteElo "2281"]
[BlackElo "1946"]
[PlyCount "31"]
[EventDate "2009.01.15"]
[EventType "swiss"]
[EventRounds "10"]
[EventCountry "NZL"]
[SourceTitle "CBM 128 Extra"]
[Source "ChessBase"]
[SourceDate "2009.03.05"]
[SourceVersion "2"]
[SourceVersionDate "2009.03.25"]
[SourceQuality "1"]

1. d4 d5 2. c4 e6 3. Nf3 Nf6 4. Bg5 Be7 5. Nc3 Nbd7 6. e3 c6 7. Rc1 0-0 8. Bd3 Re8 9. 0-0 h6 10. Bf4 a6 11. c5 Nh5 12. Be5 g6 13. Qc2 Nf8 14. Na4 f5 15. Nb6 Ra7 16. Bb8 1-0

[Event "EU-chT Seniors 10th"]
[Site "Dresden"]
[Date "2008.02.15"]
[Round "5.3"]
[White "Neudel, Bernd"]
[Black "Kalmutzki, Manfred"]
[Result "1/2-1/2"]
[WhiteElo "1952"]
[BlackElo "2005"]
[PlyCount "21"]
[EventDate "2008.02.11"]
[EventType "team-swiss"]
[EventRounds "9"]
[EventCountry "GER"]
[SourceTitle "CBM 122 Extra"]
[Source "ChessBase"]
[SourceDate "2008.03.04"]
[SourceVersion "1"]
[SourceVersionDate "2008.03.04"]
[SourceQuality "1"]
[WhiteTeam "Dresden Striesen"]
[BlackTeam "Bahn Sozialwerk II"]
[WhiteTeamCountry "GER"]
[BlackTeamCountry "GER"]

1. d4 d5 2. Nf3 e6 3. c4 c6 4. e3 f5 5. Nc3 Nf6 6. Bd3 Bd6 7. 0-0 0-0 8. b3 Ne4 9. Bb2 Nd7 10. Ne2 Qe8 11. Ne5 1/2-1/2

[Event "EU-chT Seniors 10th"]
[Site "Dresden"]
[Date "2008.02.14"]
[Round "4.3"]
[White "Kuehn, Peter1"]
[Black "Neudel, Bernd"]
[Result "1-0"]
[WhiteElo "2038"]
[BlackElo "1952"]
[PlyCount "47"]
[EventDate "2008.02.11"]
[EventType "team-swiss"]
[EventRounds "9"]
[EventCountry "GER"]
[SourceTitle "CBM 122 Extra"]
[Source "ChessBase"]
[SourceDate "2008.03.04"]
[SourceVersion "1"]
[SourceVersionDate "2008.03.04"]
[SourceQuality "1"]
[WhiteTeam "Mecklenburg Vorpommern"]
[BlackTeam "Dresden Striesen"]
[WhiteTeamCountry "GER"]
[BlackTeamCountry "GER"]

1. e4 c5 2. Nf3 d6 3. d4 cxd4 4. Nxd4 Nf6 5. Nc3 a6 6. Be2 Nc6 7. Be3 e6 8. f4 Qc7 9. 0-0 Be7 10. Qe1 0-0 11. Rd1 Bd7 12. Qg3 Ne8 13. f5 Bf6 14. Nxc6 Qxc6 15. Bd3 Bxc3 16. bxc3 f6 17. Qh4 e5 18. Rf3 Kf7 19. Qxh7 Qxc3 20. Rg3 Bb5 21. Rb1 Rb8 22. Bxb5 axb5 23. Bh6 Qxc2 24. Rc1 1-0

[Event "EU-chT Seniors 09th"]
[Site "Dresden"]
[Date "2007.02.19"]
[Round "4"]
[White "Ofstad, Per"]
[Black "Neudel, Bernd"]
[Result "1/2-1/2"]
[WhiteElo "2172"]
[BlackElo "1931"]
[PlyCount "34"]
[EventDate "2007.02.16"]
[EventType "team-swiss"]
[EventRounds "9"]
[EventCountry "GER"]
[SourceTitle "CBM 117 Extra"]
[Source "ChessBase"]
[SourceDate "2007.05.09"]
[SourceVersion "1"]
[SourceVersionDate "2007.05.09"]
[SourceQuality "1"]

1. Nf3 Nf6 2. d4 d5 3. g3 g6 4. Bg2 Bg7 5. 0-0 0-0 6. c4 e6 7. Nc3 Nbd7 8. b3 c6 9. Qc2 b6 10. Ba3 Re8 11. Rfd1 Bb7 12. e4 dxe4 13. Nxe4 Nxe4 14. Qxe4 Qc7 15. Qe3 e5 16. dxe5 c5 17. Bb2 Nxe5 1/2-1/2